[Event "GER-ch Seniors 65 31st"]
[Site "Radebeul"]
[Date "2019.05.02"]
[Round "7"]
[White "Leisen, Peter"]
[Black "Bodach, Hans"]
[Result "0-1"]
[WhiteElo "1872"]
[BlackElo "2078"]
[PlyCount "96"]
[EventDate "2019.04.26"]
[EventType "swiss"]
[EventRounds "9"]
[EventCountry "GER"]
[SourceTitle "CBM 190 Extra"]
[Source "ChessBase"]
[SourceDate "2019.07.15"]
[SourceVersion "1"]
[SourceVersionDate "2019.07.15"]
[SourceQuality "1"]

1. d4 Nf6 2. Nf3 e6 3. g3 b6 4. Bg2 Bb7 5. 0-0 c5 6. c4 cxd4 7. Nxd4 Bxg2 8. Kxg2 d5 9. Qa4+ Qd7 10. Qxd7+ Nbxd7 11. cxd5 Nxd5 12. e4 Nc7 13. Nc3 Be7 14. Ncb5 Nxb5 15. Nxb5 0-0 16. Be3 Rfc8 17. Rac1 Nc5 18. Bxc5 Bxc5 19. Rfd1 a6 20. Nc3 b5 21. a3 Kf8 22. Rd7 Ke8 23. Rcd1 Rd8 24. Rxd8+ Rxd8 25. Rxd8+ Kxd8 26. f4 Bd4 27. Nd1 Kd7 28. Kf3 f5 29. exf5 exf5 30. h3 Kc6 31. Ke2 b4 32. axb4 Kb5 33. Kd3 Bf6 34. Ne3 Kxb4 35. Nd5+ Kb3 36. Nxf6 gxf6 37. Kd4 Kxb2 38. Kd5 a5 39. Ke6 a4 40. Kxf5 a3 41. Kxf6 a2 42. Kg7 a1Q 43. Kxh7 Qf1 44. Kg6 Qxh3 45. f5 Qxg3+ 46. Kf7 Qc7+ 47. Kg6 Qe7 48. f6 Qf8 0-1

[Event "GER-ch Seniors 65 31st"]
[Site "Radebeul"]
[Date "2019.05.01"]
[Round "6"]
[White "Bodach, Hans"]
[Black "Reeh, Axel"]
[Result "1-0"]
[WhiteElo "2078"]
[BlackElo "1694"]
[PlyCount "83"]
[EventDate "2019.04.26"]
[EventType "swiss"]
[EventRounds "9"]
[EventCountry "GER"]
[SourceTitle "CBM 190 Extra"]
[Source "ChessBase"]
[SourceDate "2019.07.15"]
[SourceVersion "1"]
[SourceVersionDate "2019.07.15"]
[SourceQuality "1"]

1. Nf3 Nf6 2. c4 d6 3. d4 g6 4. g3 Bg7 5. Bg2 c6 6. 0-0 0-0 7. Nc3 Nbd7 8. Qc2 Rb8 9. Rd1 Qc7 10. b3 b6 11. Bb2 Bb7 12. Rac1 a6 13. b4 Ne8 14. Bh3 e6 15. Ne4 Ndf6 16. Ned2 Qe7 17. e4 Nd7 18. e5 dxe5 19. dxe5 Kh8 20. a3 Bh6 21. Rb1 Bg7 22. Bg2 Nc7 23. Ne4 Ne8 24. Rd2 c5 25. Bc3 Bxe4 26. Qxe4 Bh6 27. Rd3 f5 28. Qc6 Rf7 29. Rbd1 Rd8 30. bxc5 Nb8 31. Qxb6 Rxd3 32. Rxd3 Nd7 33. Qc6 Nb8 34. Qc8 Qb7 35. Qxe8+ Rf8 36. Qa4 Qe4 37. Rd6 Qb1+ 38. Qd1 Qb7 39. Nd4 Qe7 40. Nxe6 Qe8 41. Nxf8 Bxf8 42. Rd8 1-0

[Event "GER-ch Seniors 65 31st"]
[Site "Radebeul"]
[Date "2019.04.29"]
[Round "4"]
[White "Bodach, Hans"]
[Black "Gebuhr, Guenter"]
[Result "1/2-1/2"]
[WhiteElo "2078"]
[BlackElo "1883"]
[PlyCount "97"]
[EventDate "2019.04.26"]
[EventType "swiss"]
[EventRounds "9"]
[EventCountry "GER"]
[SourceTitle "CBM 190 Extra"]
[Source "ChessBase"]
[SourceDate "2019.07.15"]
[SourceVersion "1"]
[SourceVersionDate "2019.07.15"]
[SourceQuality "1"]

1. e4 c5 2. Nf3 Nc6 3. d4 cxd4 4. Nxd4 Nf6 5. Nc3 d6 6. Be2 e5 7. Nb3 Be7 8. 0-0 Be6 9. Bf3 a6 10. Be3 0-0 11. Nd5 Bxd5 12. exd5 Na5 13. Qd3 Nxb3 14. Qxb3 Qd7 15. c4 b5 16. Rfd1 bxc4 17. Qxc4 Rfc8 18. Qd3 Qb5 19. Qd2 a5 20. Be2 Qb4 21. Rac1 Qxd2 22. Bxd2 Rxc1 23. Rxc1 Ne4 24. Be1 Nc5 25. Rc2 f5 26. Bb5 a4 27. Kf1 Rb8 28. Bc4 Bf6 29. Bc3 Kf7 30. b4 axb3 31. axb3 e4 32. Ba5 Nxb3 33. Bc7 Nd4 34. Bxb8 Nxc2 35. Bxd6 Nd4 36. Bc5 Ke8 37. Ke1 Kd7 38. Kd2 f4 39. Ba2 g5 40. Bb4 Nb5 41. Bb3 Nd6 42. Ba4+ Ke7 43. Ke2 h5 44. g3 Be5 45. gxf4 Bxf4 46. h3 Kf6 47. Bd7 Ke5 48. Be6 Kd4 49. Bxd6 1/2-1/2

[Event "Hamburg-ch Seniors 50+"]
[Site "Hamburg"]
[Date "2018.10.27"]
[Round "5"]
[White "Voigt, Detlev"]
[Black "Bodach, Hans"]
[Result "1/2-1/2"]
[WhiteElo "1949"]
[BlackElo "2159"]
[PlyCount "31"]
[EventDate "2018.10.23"]
[EventType "swiss"]
[EventRounds "7"]
[EventCountry "GER"]
[SourceTitle "CBM 190 Extra"]
[Source "ChessBase"]
[SourceDate "2019.07.15"]
[SourceVersion "1"]
[SourceVersionDate "2019.07.15"]
[SourceQuality "1"]

1. Nf3 Nf6 2. c4 c6 3. d4 d5 4. e3 e6 5. Bd3 Nbd7 6. 0-0 Bd6 7. Nc3 0-0 8. e4 dxe4 9. Nxe4 Nxe4 10. Bxe4 e5 11. Qc2 h6 12. Be3 exd4 13. Bxd4 Nc5 14. Bh7+ Kh8 15. Bf5 Bxf5 16. Qxf5 1/2-1/2

[Event "Hamburg-ch Seniors 50+"]
[Site "Hamburg"]
[Date "2018.10.23"]
[Round "1"]
[White "Olschok, Juergen"]
[Black "Bodach, Hans"]
[Result "1/2-1/2"]
[WhiteElo "1800"]
[BlackElo "2159"]
[PlyCount "79"]
[EventDate "2018.10.23"]
[EventType "swiss"]
[EventRounds "7"]
[EventCountry "GER"]
[SourceTitle "CBM 190 Extra"]
[Source "ChessBase"]
[SourceDate "2019.07.15"]
[SourceVersion "1"]
[SourceVersionDate "2019.07.15"]
[SourceQuality "1"]

1. e4 c5 2. Nc3 d6 3. f4 Nc6 4. Nf3 Nf6 5. Bb5 Bd7 6. d3 a6 7. Bxc6 Bxc6 8. 0-0 e6 9. Qe1 Be7 10. e5 Nd7 11. exd6 Bxd6 12. Ne4 Be7 13. Bd2 0-0 14. Bc3 b5 15. Qg3 f6 16. Rae1 b4 17. Bd2 Rf7 18. Nf2 Nf8 19. Ng4 Kh8 20. Kh1 Rc8 21. Ne3 a5 22. b3 a4 23. Nc4 Qc7 24. h4 h5 25. Be3 Bd5 26. Nfd2 Ra8 27. Qf2 g6 28. Ne4 Nd7 29. Re2 Kg7 30. Rfe1 Qc6 31. Bc1 axb3 32. cxb3 Rff8 33. Ng3 Rfd8 34. f5 Nf8 35. fxg6 Nxg6 36. Nxh5+ Kh8 37. Nf4 Nf8 38. Nxd5 Rxd5 39. Bb2 Rf5 40. Qg3 1/2-1/2

[Event "GER-chT Laender Seniors 65+"]
[Site "Templin"]
[Date "2018.09.12"]
[Round "3.1"]
[White "Horn, Peter"]
[Black "Bodach, Hans"]
[Result "1/2-1/2"]
[WhiteElo "2085"]
[BlackElo "2165"]
[PlyCount "34"]
[EventDate "2018.09.10"]
[EventType "team-swiss"]
[EventRounds "7"]
[EventCountry "GER"]
[SourceTitle "EXT 2020"]
[Source "ChessBase"]
[SourceDate "2019.10.17"]
[SourceVersion "1"]
[SourceVersionDate "2019.10.17"]
[SourceQuality "1"]
[WhiteTeam "Hamburg"]
[BlackTeam "Sachsen"]
[WhiteTeamCountry "GER"]
[BlackTeamCountry "GER"]

1. c4 e5 2. Nc3 d6 3. Nf3 Nf6 4. d4 Nbd7 5. e3 Be7 6. Be2 0-0 7. 0-0 a5 8. b3 c6 9. Qc2 Re8 10. Rd1 Qc7 11. Ba3 Nf8 12. dxe5 dxe5 13. Bxe7 Qxe7 14. Na4 Bg4 15. h3 Bxf3 16. Bxf3 Rad8 17. c5 e4 1/2-1/2

[Event "GER-ch Seniors 65"]
[Site "Hamburg"]
[Date "2018.07.27"]
[Round "7"]
[White "Bodach, Hans"]
[Black "Schulz, Wolfgang1111"]
[Result "1-0"]
[WhiteElo "2153"]
[BlackElo "2045"]
[PlyCount "71"]
[EventDate "2018.07.21"]
[EventType "swiss"]
[EventRounds "9"]
[EventCountry "GER"]
[SourceTitle "CBM 186 Extra"]
[Source "ChessBase"]
[SourceDate "2018.08.24"]
[SourceVersion "1"]
[SourceVersionDate "2018.08.24"]
[SourceQuality "1"]

1. e4 e5 2. Nf3 Nc6 3. Bb5 a6 4. Ba4 Nf6 5. Qe2 Be7 6. 0-0 b5 7. Bb3 0-0 8. c3 d6 9. d3 Bg4 10. h3 Be6 11. Bxe6 fxe6 12. a4 Rb8 13. axb5 axb5 14. Be3 Ra8 15. Nbd2 Ra4 16. Rxa4 bxa4 17. Ra1 Qb8 18. Nc4 Qb5 19. Ng5 d5 20. Na3 Bxa3 21. Rxa3 Re8 22. Qc2 h6 23. Nf3 Rb8 24. Bc1 dxe4 25. dxe4 Qc4 26. Rxa4 Rb4 27. Nxe5 Qb5 28. Ra8+ Kh7 29. Nxc6 Qxc6 30. e5+ Ne4 31. f3 g6 32. fxe4 Rxe4 33. Rd8 Qc5+ 34. Kf1 Qxe5 35. Qf2 Qg7 36. Rf8 1-0

[Event "Sachsen-ch Seniors op 25th"]
[Site "Dresden"]
[Date "2017.10.12"]
[Round "8"]
[White "Bodach, Hans"]
[Black "Szenetra, Werner"]
[Result "1-0"]
[WhiteElo "2183"]
[BlackElo "2181"]
[PlyCount "85"]
[EventDate "2017.10.05"]
[EventType "swiss"]
[EventRounds "9"]
[EventCountry "GER"]
[SourceTitle "EXT 2019"]
[Source "ChessBase"]
[SourceDate "2018.10.10"]
[SourceVersion "1"]
[SourceVersionDate "2018.10.10"]
[SourceQuality "1"]

1. e4 d6 2. d4 g6 3. Nf3 Bg7 4. Nc3 a6 5. a4 b6 6. Bc4 e6 7. 0-0 Ne7 8. Re1 Bb7 9. Bf4 h6 10. Qd2 g5 11. Be3 Ng6 12. h3 Nd7 13. d5 Bxc3 14. Qxc3 e5 15. b4 Nf6 16. Nd2 Qd7 17. Bf1 Ke7 18. g3 Rag8 19. Bg2 Nh5 20. Kh2 Ngf4 21. Bf1 f6 22. f3 Ng6 23. Qd3 Ng7 24. c4 h5 25. c5 bxc5 26. bxc5 Bc8 27. Rec1 g4 28. Nc4 h4 29. fxg4 hxg3+ 30. Kg1 Nf4 31. Bxf4 exf4 32. c6 Qe8 33. Qf3 Qg6 34. Qxf4 g2 35. Bxg2 Nh5 36. Qf3 Qg5 37. Rf1 Rg6 38. Ne3 Qe5 39. Nf5+ Kf7 40. gxh5 Rxg2+ 41. Kxg2 Rg8+ 42. Kh1 Rg5 43. Rae1 1-0

[Event "Sachsen-ch Seniors op 25th"]
[Site "Dresden"]
[Date "2017.10.10"]
[Round "6"]
[White "Bodach, Hans"]
[Black "Schneider, Alexander"]
[Result "1-0"]
[WhiteElo "2183"]
[BlackElo "2045"]
[PlyCount "62"]
[EventDate "2017.10.05"]
[EventType "swiss"]
[EventRounds "9"]
[EventCountry "GER"]
[SourceTitle "EXT 2019"]
[Source "ChessBase"]
[SourceDate "2018.10.10"]
[SourceVersion "1"]
[SourceVersionDate "2018.10.10"]
[SourceQuality "1"]

1. e4 c6 2. Nf3 d5 3. Nc3 dxe4 4. Nxe4 Nf6 5. Nxf6+ gxf6 6. d4 Bg4 7. Be2 e6 8. Be3 Qa5+ 9. Nd2 Bxe2 10. Qxe2 Nd7 11. 0-0 h5 12. a3 Nb6 13. c4 Qf5 14. Rac1 0-0-0 15. Qf3 Qxf3 16. Nxf3 Bg7 17. b3 Rhe8 18. a4 Kb8 19. Rfd1 Rd7 20. Rd2 Red8 21. Rcd1 Nc8 22. Kf1 Ne7 23. Ke2 Ng6 24. g3 Kc7 25. h4 Kb8 26. Ne1 Bf8 27. Nc2 Ne7 28. Rd3 Bg7 29. Ne1 Nf5 30. Ng2 e5 31. dxe5 fxe5 1-0

[Event "GER-chT Seniors 21st"]
[Site "Berlin"]
[Date "2012.09.12"]
[Round "3.9"]
[White "Gruzmann, Boris"]
[Black "Bodach, Hans"]
[Result "1/2-1/2"]
[WhiteElo "2308"]
[BlackElo "2136"]
[PlyCount "160"]
[EventDate "2012.09.10"]
[EventType "team-swiss"]
[EventRounds "7"]
[EventCountry "GER"]
[SourceTitle "CBM 150 Extra"]
[Source "ChessBase"]
[SourceDate "2012.10.19"]
[SourceVersion "1"]
[SourceVersionDate "2012.10.19"]
[SourceQuality "1"]
[WhiteTeam "Berlin Seniors II"]
[BlackTeam "Sachsen Seniors"]
[WhiteTeamCountry "GER"]
[BlackTeamCountry "GER"]

1. e4 c5 2. Nf3 Nc6 3. d4 cxd4 4. Nxd4 d6 5. c4 Nf6 6. Nc3 g6 7. f3 Bg7 8. Be3 Bd7 9. Qd2 0-0 10. Be2 a6 11. 0-0 Rc8 12. Rac1 Re8 13. Rfd1 Nxd4 14. Bxd4 Qc7 15. b4 Qb8 16. a4 Be6 17. Nd5 Nxd5 18. exd5 Bd7 19. a5 Bxd4+ 20. Qxd4 Rc7 21. f4 Qc8 22. h3 f6 23. Kh2 Kf7 24. Re1 h5 25. Bd1 Bf5 26. Bb3 Kf8 27. Qe3 Rd8 28. c5 dxc5 29. bxc5 Qd7 30. d6 exd6 31. cxd6 Qxd6 32. Rcd1 Bd3 33. Rxd3 Qxd3 34. Qe6 Kg7 35. Rd1 Qxd1 36. Bxd1 Rxd1 37. f5 g5 38. Qe8 Rf7 39. Qe2 Rd5 40. Qxh5 Rxf5 41. h4 Rxa5 42. Qg4 Re5 43. g3 Rc7 44. Kh3 b5 45. Qd1 Rce7 46. Qd6 a5 47. hxg5 fxg5 48. Kg4 b4 49. Kh5 g4+ 50. Kh4 b3 51. Qd4 a4 52. Qxg4+ Kh7 53. Qd1 Re4+ 54. Kh3 R7e6 55. Qd7+ Kg6 56. Qc8 Kf5 57. Qc5+ R6e5 58. Qc8+ Kf6 59. Qc6+ Kg5 60. Qc1+ Re3 61. Qc7 R5e4 62. Qg7+ Kf5 63. Qf8+ Ke6 64. Qc5 Rd3 65. Qc6+ Ke5 66. Qc5+ Rd5 67. Qc3+ Kd6 68. g4 Rdd4 69. g5 Rh4+ 70. Kg2 Rdg4+ 71. Kf1 Rh1+ 72. Kf2 Rh2+ 73. Kf1 b2 74. Qf6+ Kc5 75. Qf5+ Kb6 76. Qe6+ Kb5 77. Qf5+ Kc6 78. Qe6+ Kb5 79. Qf5+ Kb6 80. Qe6+ Ka5 1/2-1/2

[Event "GER-chT Seniors 20th"]
[Site "Gladenbach"]
[Date "2011.09.15"]
[Round "5.2"]
[White "Bodach, Hans"]
[Black "Neumann, Joachim"]
[Result "1-0"]
[WhiteElo "2131"]
[BlackElo "2036"]
[PlyCount "63"]
[EventDate "2011.09.11"]
[EventType "team-swiss"]
[EventRounds "7"]
[EventCountry "GER"]
[SourceTitle "CBM 144 Extra"]
[Source "ChessBase"]
[SourceDate "2011.10.28"]
[SourceVersion "1"]
[SourceVersionDate "2011.10.28"]
[SourceQuality "1"]
[WhiteTeam "Sachsen"]
[BlackTeam "Schleswig Holstein"]
[WhiteTeamCountry "GER"]
[BlackTeamCountry "GER"]

1. e4 c5 2. Nc3 Nc6 3. g3 g6 4. Bg2 Bg7 5. d3 d6 6. Be3 Nd4 7. Qd2 e6 8. Nge2 Ne7 9. 0-0 Rb8 10. a4 0-0 11. Nd1 b6 12. Nxd4 cxd4 13. Bh6 Bd7 14. Bxg7 Kxg7 15. c3 Nc6 16. f4 e5 17. f5 f6 18. h4 gxf5 19. exf5 Ne7 20. Bh3 Qc8 21. Qf2 dxc3 22. bxc3 Qc5 23. d4 exd4 24. cxd4 Qc4 25. g4 Nc6 26. Ne3 Qxd4 27. Rfd1 Qb4 28. Rab1 Qa3 29. Ra1 Qb4 30. g5 Rbd8 31. Nd5 Qc5 32. Nxf6 1-0

[Event "GER-chT Seniors 20th"]
[Site "Gladenbach"]
[Date "2011.09.12"]
[Round "2.1"]
[White "Nekrasov, Mihail"]
[Black "Bodach, Hans"]
[Result "1-0"]
[WhiteElo "2295"]
[BlackElo "2131"]
[PlyCount "113"]
[EventDate "2011.09.11"]
[EventType "team-swiss"]
[EventRounds "7"]
[EventCountry "GER"]
[SourceTitle "CBM 144 Extra"]
[Source "ChessBase"]
[SourceDate "2011.10.28"]
[SourceVersion "1"]
[SourceVersionDate "2011.10.28"]
[SourceQuality "1"]
[WhiteTeam "Baden"]
[BlackTeam "Sachsen"]
[WhiteTeamCountry "GER"]
[BlackTeamCountry "GER"]

1. e4 c5 2. Nf3 Nc6 3. Bb5 g6 4. Bxc6 dxc6 5. d3 Bg7 6. h3 Nf6 7. Nc3 Be6 8. Ng5 Bd7 9. f4 Qc7 10. 0-0 h6 11. Nf3 0-0 12. Qe1 Rad8 13. Be3 b6 14. Qh4 Bc8 15. g4 Nh7 16. Rae1 f6 17. Ne2 e6 18. Kh1 Kh8 19. Qf2 Qf7 20. b3 f5 21. Rg1 fxe4 22. dxe4 Nf6 23. Ng3 Ng8 24. Qe2 Kh7 25. Rd1 Qe7 26. c4 Rxd1 27. Rxd1 Rd8 28. Rxd8 Qxd8 29. e5 Bf8 30. Ne4 Kg7 31. Kg2 Ba6 32. Qd2 Qxd2+ 33. Nfxd2 Be7 34. Kf3 Kf8 35. Bf2 Bc8 36. Nf1 Kg7 37. Nfd2 Kf8 38. Ke2 Bd7 39. Nf3 Kg7 40. Bh4 Bxh4 41. Nxh4 Kf7 42. Nd6+ Kg7 43. Ke3 Ne7 44. Nf3 Kf8 45. Ke4 Kg7 46. Nd2 Kf8 47. Nf1 Kg7 48. Ng3 Kh7 49. h4 Kg7 50. h5 Kh7 51. hxg6+ Kxg6 52. Nh5 Ng8 53. Ke3 Ne7 54. Nf6 Bc8 55. Kf3 Ba6 56. Nd7 Kg7 57. f5 1-0

[Event "GER-chT Seniors 19th"]
[Site "Eckernfoerde"]
[Date "2010.09.19"]
[Round "7.1"]
[White "Bodach, Hans"]
[Black "Malich, Burkhard"]
[Result "1/2-1/2"]
[WhiteElo "2103"]
[BlackElo "2272"]
[PlyCount "50"]
[EventDate "2010.09.13"]
[EventType "team-swiss"]
[EventRounds "7"]
[EventCountry "GER"]
[SourceTitle "EXT 2011"]
[Source "ChessBase"]
[SourceDate "2010.11.26"]
[SourceVersion "1"]
[SourceVersionDate "2010.11.26"]
[SourceQuality "1"]
[WhiteTeam "Sachsen"]
[BlackTeam "Sachsen Anhalt"]
[WhiteTeamCountry "GER"]
[BlackTeamCountry "GER"]

1. e4 c5 2. Nf3 e6 3. d4 cxd4 4. Nxd4 a6 5. Bd3 Nf6 6. 0-0 d6 7. Nc3 Be7 8. Be3 Nbd7 9. h3 Nc5 10. Qe2 0-0 11. Rad1 Qc7 12. f4 b5 13. a3 Bb7 14. Bf2 d5 15. e5 Nfe4 16. Bxe4 Nxe4 17. Nxe4 dxe4 18. Rd2 Rfd8 19. Rfd1 Rac8 20. c3 g6 21. Nc2 Rxd2 22. Rxd2 Rd8 23. Rxd8+ Qxd8 24. Bd4 Qd7 25. Ne3 Qc6 1/2-1/2

[Event "EU-chT Seniors 12th"]
[Site "Dresden"]
[Date "2010.02.15"]
[Round "6"]
[White "Bodach, Hans"]
[Black "Rollwitz, Juergen"]
[Result "1-0"]
[WhiteElo "2103"]
[BlackElo "1991"]
[PlyCount "129"]
[EventDate "2010.02.10"]
[EventType "team-swiss"]
[EventRounds "9"]
[EventCountry "GER"]
[SourceTitle "CBM 134 Extra"]
[Source "ChessBase"]
[SourceDate "2010.03.03"]
[SourceVersion "1"]
[SourceVersionDate "2010.03.03"]
[SourceQuality "1"]
[WhiteTeam "Dresden Leuben (Seniors)"]
[BlackTeam "Berlin DBAG (Seniors)"]
[WhiteTeamCountry "GER"]
[BlackTeamCountry "GER"]

1. e4 d6 2. Nf3 e5 3. d4 Bg4 4. Be3 Be7 5. Nc3 c6 6. dxe5 Bxf3 7. Qxf3 dxe5 8. Bc4 Nf6 9. Qg3 g6 10. Qxe5 Qd6 11. Qxd6 Bxd6 12. Bd4 Nbd7 13. 0-0-0 Be5 14. h3 Ke7 15. a4 Rhd8 16. Bxe5 Nxe5 17. Be2 Ned7 18. f4 Nc5 19. Bf3 Rxd1+ 20. Rxd1 Rd8 21. Rxd8 Kxd8 22. Kd2 Ne8 23. e5 f6 24. Ke3 Ke7 25. exf6+ Nxf6 26. a5 Kd6 27. b4 Na6 28. Na2 b6 29. axb6 axb6 30. c4 Nc7 31. Nc3 Ne6 32. Ne2 c5 33. b5 g5 34. g3 h6 35. Nc3 Nd4 36. Bd1 Nf5+ 37. Kf2 Nd4 38. Bf3 Ne6 39. fxg5 Nxg5 40. Bg2 Ne6 41. Ke3 Nd4 42. g4 Ne6 43. Ne4+ Nxe4 44. Kxe4 Ng7 45. h4 Ke6 46. Bh3 Kd6 47. g5 hxg5 48. hxg5 Ne8 49. Kf5 Ke7 50. Ke5 Nd6 51. Kd5 Nf7 52. g6 Ng5 53. Bf5 Kf6 54. Kc6 Nf3 55. Kxb6 Ne5 56. g7 Kxg7 57. Kxc5 Kf6 58. Bh3 Ke7 59. b6 Kd8 60. Kb5 Nf7 61. c5 Ng5 62. Bf5 Nf7 63. Ka6 Ne5 64. Kb7 Nc4 65. Ka8 1-0

[Event "EU-chT Seniors 12th"]
[Site "Dresden"]
[Date "2010.02.13"]
[Round "4"]
[White "Bodach, Hans"]
[Black "Nystrom, Ragnar"]
[Result "0-1"]
[WhiteElo "2103"]
[BlackElo "1980"]
[PlyCount "50"]
[EventDate "2010.02.10"]
[EventType "team-swiss"]
[EventRounds "9"]
[EventCountry "GER"]
[SourceTitle "CBM 134 Extra"]
[Source "ChessBase"]
[SourceDate "2010.03.03"]
[SourceVersion "1"]
[SourceVersionDate "2010.03.03"]
[SourceQuality "1"]
[WhiteTeam "Dresden Leuben (Seniors)"]
[BlackTeam "Sweden (Seniors) IV"]
[WhiteTeamCountry "GER"]
[BlackTeamCountry "SWE"]

1. e4 e6 2. d4 d5 3. Nd2 Nf6 4. Bd3 c5 5. e5 Nfd7 6. c3 Nc6 7. Ne2 Qb6 8. Nf3 cxd4 9. cxd4 f6 10. exf6 Nxf6 11. 0-0 Bd6 12. b3 0-0 13. Bg5 Bd7 14. Bh4 Rae8 15. Qb1 e5 16. Bg3 Nxd4 17. Nfxd4 exd4 18. Bxd6 Qxd6 19. Nxd4 Ng4 20. g3 Qh6 21. h4 Rxf2 22. Bxh7+ Kh8 23. Rxf2 Qe3 24. Qb2 Qxg3+ 25. Rg2 Re1+ 0-1

[Event "GER-chT Seniors 18th"]
[Site "Finsterbergen"]
[Date "2009.09.13"]
[Round "2"]
[White "Bodach, Hans"]
[Black "Postler, Reinhard"]
[Result "0-1"]
[WhiteElo "2063"]
[BlackElo "2303"]
[PlyCount "58"]
[EventDate "2009.09.12"]
[EventType "team-swiss"]
[EventRounds "7"]
[EventCountry "GER"]
[SourceTitle "CBM 132 Extra"]
[Source "ChessBase"]
[SourceDate "2009.11.03"]
[SourceVersion "1"]
[SourceVersionDate "2009.11.03"]
[SourceQuality "1"]

1. e4 c5 2. Nf3 e6 3. d4 cxd4 4. Nxd4 a6 5. c4 Nf6 6. f3 Nc6 7. Nxc6 bxc6 8. Be3 d5 9. e5 Nd7 10. f4 Bc5 11. Bxc5 Nxc5 12. Nd2 0-0 13. Qc2 Rb8 14. Rc1 Ne4 15. Nxe4 dxe4 16. b3 c5 17. Rd1 Qa5+ 18. Qd2 Qb6 19. Be2 Bb7 20. 0-0 Rbd8 21. Qc2 Rd4 22. g3 Rfd8 23. Qc3 R8d7 24. a3 Qd8 25. Rde1 Rd3 26. Bxd3 Rxd3 27. Qc2 Qd4+ 28. Rf2 e3 29. Rg2 Rd2 0-1